Detalles MARC
| 000 -CABECERA |
| campo de control de longitud fija |
03125nam a2200301 i 4500 |
| 003 - IDENTIFICADOR DEL NÚMERO DE CONTROL |
| campo de control |
DO-SdBNP |
| 005 - FECHA Y HORA DE LA ÚLTIMA TRANSACCIÓN |
| campo de control |
20250506103729.0 |
| 007 - CAMPO FIJO DE DESCRIPCIÓN FÍSICA--INFORMACIÓN GENERAL |
| campo de control de longitud fija |
ta |
| 008 - DATOS DE LONGITUD FIJA--INFORMACIÓN GENERAL |
| campo de control de longitud fija |
250506b2024 xxub|||| |||| 00| 0 spa d |
| 020 ## - NÚMERO INTERNACIONAL ESTÁNDAR DEL LIBRO |
| Número Internacional Estándar del Libro |
9789945800494 |
| 040 ## - FUENTE DE LA CATALOGACIÓN |
| Centro catalogador/agencia de origen |
DO-SdBNP |
| Lengua de catalogación |
spa |
| Centro/agencia transcriptor |
BNPHU |
| Normas de descripción |
rda |
| 082 ## - NÚMERO DE LA CLASIFICACIÓN DECIMAL DEWEY |
| Número de clasificación |
xxxx |
| Número de documento/Ítem |
L318 |
| Número de edición |
22 |
| 100 1# - ENTRADA PRINCIPAL--NOMBRE DE PERSONA |
| Nombre de persona |
Lara Espinal, Maike Miguel, |
| Fechas asociadas al nombre |
2002- |
| Término indicativo de función/relación |
autor |
| Código de función/relación |
aut. |
| 9 (RLIN) |
87483 |
| 245 10 - MENCIÓN DE TÍTULO |
| Título |
How to achieve legal success in the United States : |
| Resto del título |
a survival guide for foreign attorneys / |
| Mención de responsabilidad, etc. |
Maike M. Lara Espinal |
| 264 #4 - PRODUCCIÓN, PUBLICACIÓN, DISTRIBUCIÓN, FABRICACIÓN Y COPYRIGHT |
| Producción, publicación, distribución, fabricación y copyright |
[Santo Domingo] : |
| Nombre del de productor, editor, distribuidor, fabricante |
[editor no identificado], |
| Fecha de producción, publicación, distribución, fabricación o copyright |
©2024. |
| 300 ## - DESCRIPCIÓN FÍSICA |
| Extensión |
147 páginas |
| Otras características físicas |
mapas |
| Dimensiones |
23 cm. |
| 336 ## - TIPO DE CONTENIDO |
| Término de tipo de contenido |
texto |
| Código de tipo de contenido |
txt |
| Fuente |
rdacontent |
| 337 ## - TIPO DE MEDIO |
| Nombre/término del tipo de medio |
sin mediación |
| Código del tipo de medio |
n |
| Fuente |
rdamedia |
| 338 ## - TIPO DE SOPORTE |
| Nombre/término del tipo de soporte |
volumen |
| Código del tipo de soporte |
nc |
| Fuente |
rdacarrier |
| 500 ## - NOTA GENERAL |
| Nota general |
Incluye datos biografícos del autor en la página 147. |
| 500 ## - NOTA GENERAL |
| Nota general |
Incluye notas a pie de páginas. |
| 520 ## - SUMARIO, ETC. |
| Sumario, etc. |
The “Survival Guide for Foreign Attorneys” is an essential resource for navigating and succeeding in the world of U.S. law as an international lawyer. Specifically designed for LL.M. students and foreign lawyers, it provides a detailed guide from selecting the right program to adapting to life in the United States.<br/><br/>Discover the various types of law programs and the application process, and learn everything necessary about obtaining a student visa. Understand the cultural and academic differences you will face, and receive practical advice on how to handle the financial, academic, and employment challenges that often arise.<br/><br/>This guide includes testimonials from LL.M. students and additional resources to help you maximize your academic and professional experience. Whether your goal is to specialize and return to your home country or to practice in the United States, “How to Achieve Legal Success in the United States” will provide you with the tools and knowledge needed to achieve success. |
| 520 ## - SUMARIO, ETC. |
| Sumario, etc. |
La “Guía de supervivencia para abogados extranjeros” es un recurso esencial para navegar y triunfar en el mundo del derecho estadounidense como abogado internacional. Diseñado específicamente para estudiantes de LL.M. y abogados extranjeros, proporciona una guía detallada desde la selección del programa adecuado hasta la adaptación a la vida en los Estados Unidos.<br/><br/>Descubre los diversos tipos de programas de derecho y el proceso de aplicación, y aprende todo lo necesario sobre la obtención de la visa de estudiante. Conoce las diferencias culturales y académicas que enfrentarás, y recibe consejos prácticos sobre cómo manejar los desafíos financieros, académicos y laborales que se suelen presentar.<br/><br/>Esta guía incluye testimonios de estudiantes LL.M. y recursos adicionales que te ayudarán a maximizar tu experiencia académica y profesional. Ya sea que tu objetivo sea especializarte y regresar a tu país o ejercer en Estados Unidos, “Cómo tener éxito legal en Estados Unidos” te proporcionará las herramientas y conocimientos necesarios para alcanzar el éxito. |
| 521 ## - NOTA DE PÚBLICO DESTINATARIO |
| Nota de público destinatario |
Profesional, académico. |
| 590 ## - NOTA LOCAL (RLIN) |
| Nota local |
Inventariado, 2025/ YL |
| 910 ## - DATOS DE OPCIÓN DEL USUARIO (OCLC) |
| Datos de opción del usuario |
YLockward |
| 942 ## - ELEMENTOS DE PUNTO DE ACCESO ADICIONAL (KOHA) |
| Fuente del sistema de clasificación o colocación |
Dewey Decimal Classification |
| Tipo de ítem Koha |
Libro |